| 000 | 00376nam a2200157Ia 4500 | ||
|---|---|---|---|
| 008 | 210210b1951 xxu||||| |||| 00| 0 eng d | ||
| 041 | _aeng | ||
| 082 | _a821/40 | ||
| 100 | _aBLAKE (William) | ||
| 245 | _aPoems: selincourt | ||
| 260 |
_aLondon _bOxford University Press _c1951 |
||
| 650 | _aselincourt | ||
| 650 | _aPoems: | ||
| 690 | _aEnglish Poetry | ||
| 906 | _a011209 | ||
| 999 |
_c129870 _d129870 |
||